005280000a2200145000450000500170000000800410001708200160005811000440007424500980011826000610021630000180027765000370029565000260033265000240035820240118111736.0230817t1985 ||||| |||| 00| 0 eng d a370.19bINT aInternational Centre for Ethnic Studies aEducation and ethnicity:breport on workshop held on 26th, 27th July 1985, Colombo, Sri Lanka aColombo:bInternational Centre for Ethnic Studies,c1985 a12 p. ; 21 cm aEthnicity- Sri Lanka -Congresses aMinorities -Education aEducation-Sri Lanka